[Event "Titled Tuesday intern op 02nd May Early"]
[Site "Chess.com INT"]
[Date "2023.05.02"]
[Round "3"]
[White "Aslanov, Umid Fuad"]
[Black "Shubenkova, Veronika"]
[Result "1-0"]
[WhiteElo "2273"]
[BlackElo "1960"]
[PlyCount "155"]
[EventDate "2023.05.02"]
[EventType "swiss (blitz)"]
[EventRounds "11"]
[EventCountry "USA"]
[SourceTitle "EXT 2024"]
[Source "ChessBase"]
[SourceDate "2023.10.10"]
[SourceVersion "1"]
[SourceVersionDate "2023.10.10"]
[SourceQuality "1"]

1. e4 c6 2. d4 d5 3. Nd2 dxe4 4. Nxe4 Nf6 5. Nxf6+ gxf6 6. g3 Nd7 7. Bg2 Bg7 8. Ne2 e6 9. Bf4 0-0 10. Qd2 e5 11. dxe5 Nxe5 12. 0-0 Qxd2 13. Bxd2 Bg4 14. f3 Bf5 15. Nd4 Bg6 16. c3 Bd3 17. Rf2 Nc4 18. Bf4 f5 19. Nb3 Rad8 20. Rd1 Nb6 21. Bc7 Rd5 22. Rfd2 Bc4 23. Nc1 Rxd2 24. Rxd2 Nd5 25. Bd6 Re8 26. Kf2 a5 27. f4 Nf6 28. h3 Bd5 29. Be5 Be4 30. Nb3 Bxg2 31. Kxg2 Ne4 32. Rd7 Bxe5 33. fxe5 Rxe5 34. Rxb7 a4 35. Nd4 Nc5 36. Rb8+ Kg7 37. Nxc6 Re2+ 38. Kf3 Rd2 39. Nd4 Rd3+ 40. Ke2 Kg6 41. Rb6+ f6 42. Rb5 Rxg3 43. Rxc5 Rg2+ 44. Kf3 Rxb2 45. a3 Ra2 46. Nb5 Rb2 47. h4 Rb3 48. Kf4 Rb1 49. Nd4 Rf1+ 50. Kg3 f4+ 51. Kg4 h5+ 52. Kh3 Ra1 53. Ne6 Rxa3 54. Nxf4+ Kf7 55. Rc7+ Ke8 56. Nxh5 f5 57. Rc4 Ra1 58. Ng7+ Kf7 59. Nxf5 a3 60. Ra4 a2 61. Kg2 Kf6 62. Ng3 Kg6 63. Ra5 Kh6 64. h5 Kg7 65. Ra6 Kh7 66. h6 Kg8 67. Ra7 Kh8 68. Nh5 Rc1 69. Nf6 Rg1+ 70. Kh3 Rh1+ 71. Kg4 Rg1+ 72. Kh5 Rh1+ 73. Kg6 Rg1+ 74. Kf5 Rf1+ 75. Ke5 Re1+ 76. Kd6 Rd1+ 77. Kc5 Rd8 78. Rh7# 1-0

[Event "Titled Tuesday intern op 02nd May Early"]
[Site "Chess.com INT"]
[Date "2023.05.02"]
[Round "2"]
[White "Guzman Moneo, Alberto"]
[Black "Aslanov, Umid Fuad"]
[Result "0-1"]
[WhiteElo "2170"]
[BlackElo "2273"]
[PlyCount "90"]
[EventDate "2023.05.02"]
[EventType "swiss (blitz)"]
[EventRounds "11"]
[EventCountry "USA"]
[SourceTitle "EXT 2024"]
[Source "ChessBase"]
[SourceDate "2023.10.10"]
[SourceVersion "1"]
[SourceVersionDate "2023.10.10"]
[SourceQuality "1"]

1. Nf3 d5 2. g3 c6 3. Bg2 Bg4 4. c4 e6 5. Qb3 Qb6 6. d3 Nd7 7. Be3 Bc5 8. Qxb6 axb6 9. Bxc5 Nxc5 10. Nbd2 Ne7 11. 0-0 0-0 12. b4 Nd7 13. a4 Ra7 14. Ra3 Rfa8 15. Rfa1 b5 16. cxb5 cxb5 17. a5 b6 18. Nd4 bxa5 19. Nxb5 Rb7 20. Rxa5 Rab8 21. Nd6 Rb6 22. Ra6 Bxe2 23. Bf1 Bxf1 24. Kxf1 Ne5 25. Ra8 g5 26. Rxb8+ Rxb8 27. d4 N5c6 28. Nf3 g4 29. Ne5 Nxe5 30. dxe5 Nc6 31. b5 Nxe5 32. Ke2 Kg7 33. Ra6 Kf6 34. Ke3 Ke7 35. Kd4 f6 36. Kc5 Nd7+ 37. Kb4 h5 38. Ka5 Nc5 39. Rc6 Nb3+ 40. Kb4 Nd4 41. Nc8+ Kd7 42. Na7 Nxc6+ 43. Nxc6 Rb6 44. Kc5 Rxc6+ 45. bxc6+ Kc7 0-1